[Event "Zt (w)"]
[Site "masterchessopen.com – Beirut (Lebanon)"]
[Date "2004.12.16"]
[Round "3"]
[White "Pourkashiyan Atousa (IRI)"]
[Black "Al-Harmoudi Mona (UAE)"]
[Result "1-0"]
[WhiteElo "2217"]
[BlackElo "1795"]

1.e4 c5 2.Nf3 g6 3.d4 cxd4 4.Nxd4 Bg7 5.c4 Nc6 6.Be3 Nf6 7.Nc3 d6 8.Be2 O-O
9.O-O Bd7 10.f3 Nxd4 11.Bxd4 e6 12.Qd2 Qc7 13.Rfd1 Ne8 14.Bxg7 Kxg7 15.Kh1 a6
16.Qd4+ Kg8 17.e5 d5 18.cxd5 exd5 19.Nxd5 Qd8 20.Nb6 {#r} 1-0

[Event "Ch Slovenia (juniors) (under 14)"]
[Site "masterchessopen.com – Sentjur (Slovenia)"]
[Date "2005.03.02"]
[Round "7"]
[White "Plaskan Jure (SLO)"]
[Black "Lorber Kristijan (SLO)"]
[Result "1-0"]
[WhiteElo "2062"]
[BlackElo "1778"]

1.e4 c5 2.Nf3 Nc6 3.d4 cxd4 4.Nxd4 g6 5.c4 Bg7 6.Be3 Nf6 7.Nc3 O-O 8.Be2 d6
9.Qd2 Bd7 10.O-O Rc8 11.f3 Ne5 12.b3 a6 13.Rfd1 Re8 14.Bf1 Qc7 15.Rac1 Nc6
16.Nd5 Qd8 17.Nxc6 Rxc6 18.Qf2 Qc8 19.Nb4 Rc7 20.Bb6 {#r} 1-0

[Event "Ch Hessen (juniors) (under 16)"]
[Site "masterchessopen.com – Bad Homburg (Germany)"]
[Round "7"]
[White "Knickel Aaron (GER)"]
[Black "Warnecke Tobias (GER)"]
[Result "1-0"]
[WhiteElo "2012"]
[BlackElo "2101"]

1.e4 c5 2.Nf3 Nc6 3.d4 cxd4 4.Nxd4 g6 5.c4 Bg7 6.Be3 Nf6 7.Nc3 d6 8.Be2 O-O
9.O-O Bd7 10.Nc2 Rc8 11.Rc1 Ne5 12.b3 Bc6 13.f3 Ned7 14.Qd2 a5 15.Rfd1 Qc7
16.Nd4 Rfd8 17.Ncb5 Bxb5 18.Nxb5 Qb8 19.Qxa5 Qa8 20.Qxa8 Rxa8 21.a3 Rdc8 22.b4
Ne8 23.c5 Bb2 24.Rb1 Bxa3 {#r} 1-0

[Event "Ch France (juniors)"]
[Site "masterchessopen.com – Calvi (France)"]
[Round "8"]
[White "Le Ruyet Leopold (FRA)"]
[Black "Nahed Yann (FRA)"]
[Result "0-1"]
[WhiteElo "1882"]
[BlackElo "2023"]

1.e4 c5 2.Nf3 Nc6 3.d4 cxd4 4.Nxd4 g6 5.c4 Bg7 6.Be3 Nf6 7.Nc3 O-O 8.f3 Qb6
9.Nf5 Qxb2 10.Na4 Qe5 11.Nxg7 Kxg7 12.Qc1 Rd8 13.Nc5 Nd4 14.Nd3 Nc2+ 15.Qxc2
Qxa1+ 16.Kf2 Ne8 17.e5 d5 18.c5 Bf5 19.f4 Bxd3 20.Qxd3 Qxa2+ 21.Be2 e6 22.h4
Qc4 23.Qd2 Qa4 24.g4 d4 {#R} 0-1

[Event "Ch Germany (juniors) (under 14) (g)"]
[Site "masterchessopen.com – Willingen (Germany)"]
[Date "2005.05.19"]
[Round "7"]
[White "Hannes Diana (GER)"]
[Black "Smolkina Milana (GER)"]
[Result "1-0"]
[WhiteElo "1964"]
[BlackElo "1739"]

1.e4 c5 2.Nf3 Nc6 3.d4 cxd4 4.Nxd4 g6 5.c4 Bg7 6.Be3 Nf6 7.Nc3 O-O 8.Be2 d6
9.O-O Bd7 10.Qc2 Ng4 11.Bxg4 Bxg4 12.f3 Bd7 13.Rfd1 Qc8 14.Nd5 Re8 15.Nb5 Rf8
16.Nxa7 {#r} 1-0

[Event "It (open)"]
[Site "masterchessopen.com – Creon (France)"]
[Date "2005.08.04"]
[Round "6"]
[White "Teyssier Jean-Paul (FRA)"]
[Black "Saucey Michel (FRA)"]
[Result "0-1"]
[WhiteElo "1857"]
[BlackElo "2317"]

1.e4 c5 2.Nf3 Nc6 3.d4 cxd4 4.Nxd4 g6 5.c4 Bg7 6.Be3 Nf6 7.Nc3 d6 8.f3 O-O
9.Nxc6 bxc6 10.Qd2 Qa5 11.Bh6 Bxh6 12.Qxh6 Rb8 13.Qd2 Be6 14.a3 Rb3 15.Be2
Rfb8 16.Rb1 Rxc3 17.O-O Qb6+ 18.Kh1 Rb3 19.Rbe1 Rxb2 20.Qg5 Rxe2 {#R} 0-1

[Event "It (open)"]
[Site "masterchessopen.com – Aviles (Spain)"]
[Date "2005.08.07"]
[Round "2"]
[White "Llaneza Vega Marcos (ESP)"]
[Black "Fernandez Velasco Climent Fernando (ESP)"]
[Result "1-0"]
[WhiteElo "2366"]
[BlackElo "2009"]

1.e4 c5 2.Nf3 Nc6 3.d4 cxd4 4.Nxd4 g6 5.c4 Bg7 6.Be3 Nf6 7.Nc3 d6 8.Be2 Bd7
9.O-O Ne5 10.h3 Qc8 11.Rc1 Bxh3 12.gxh3 Qxh3 13.Bf4 Nh5 14.Nd5 Qh4 15.Bxh5
gxh5 16.Nf5 Qh3 17.Rc3 {#r} 1-0

[Event "It"]
[Site "masterchessopen.com – Richmond Hill (Canada)"]
[Round "8"]
[White "Gerzhoy Leonid (CAN)"]
[Black "Thorvardson Barry (CAN)"]
[Result "1-0"]
[WhiteElo "2386"]
[BlackElo "2075"]

1.Nf3 g6 2.d4 Bg7 3.c4 c5 4.e4 cxd4 5.Nxd4 Nc6 6.Be3 Nf6 7.Nc3 Qa5 8.Nb3 Qc7
9.Be2 d6 10.O-O O-O 11.Rc1 Ne5 12.Nd5 Qd8 13.f3 Be6 14.Qd2 Bxd5 15.cxd5 Re8
16.Qb4 b6 17.Nd4 Nfd7 18.f4 Nc5 19.fxe5 Nxe4 {#r} 1-0

[Event "It (open)"]
[Site "masterchessopen.com – Malakoff (France)"]
[Date "2006.04.15"]
[Round "9"]
[White "Touboulic Julien (FRA)"]
[Black "Plantet Sebastien (FRA)"]
[Result "0-1"]
[WhiteElo "2249"]
[BlackElo "2329"]

1.e4 c5 2.Nf3 Nc6 3.d4 cxd4 4.Nxd4 g6 5.c4 Bg7 6.Be3 Nf6 7.Nc3 O-O 8.Be2 d6
9.O-O Bd7 10.Qd2 Nxd4 11.Bxd4 Bc6 12.f3 a5 13.b3 Nd7 14.Bxg7 Kxg7 15.Qd4+ Kg8
16.a3 Nc5 17.Rab1 e5 {#R} 0-1

[Event "It (open) (b)"]
[Site "masterchessopen.com – Voronezh (Russia)"]
[Date "2006.06.16"]
[Round "5"]
[White "Volkov Sergei (RUS)"]
[Black "Bobrov Igor (RUS)"]
[Result "1-0"]
[WhiteElo "2180"]
[BlackElo "2172"]

1.e4 c5 2.Nf3 Nc6 3.d4 cxd4 4.Nxd4 g6 5.c4 Bg7 6.Be3 Nf6 7.Nc3 d6 8.Be2 O-O
9.O-O Nxd4 10.Bxd4 a5 11.f4 Nd7 12.Kh1 Bxd4 13.Qxd4 Nc5 14.f5 Bd7 15.Rad1 Rc8
16.Nd5 Bc6 17.Bg4 Bxd5 18.exd5 Rb8 19.Rf3 b5 20.Rdf1 bxc4 21.fxg6 hxg6 22.Qf4
{#r} 1-0

[Event "Ch Vietnam (juniors) (under 17)"]
[Site "masterchessopen.com – Da Nang (Vietnam)"]
[Date "2006.07.24"]
[Round "9"]
[White "Tran Thanh Tu (VIE)"]
[Black "Nguyen Viet Chung (VIE)"]
[Result "1-0"]
[WhiteElo "2282"]
[BlackElo "2117"]

1.e4 c5 2.Nf3 Nc6 3.d4 cxd4 4.Nxd4 g6 5.c4 Bg7 6.Be3 Nf6 7.Nc3 d6 8.Be2 O-O
9.O-O Nxd4 10.Bxd4 Bd7 11.f4 Bc6 12.Bf3 Nd7 13.Be3 Nc5 14.e5 Ne6 15.exd6 exd6
16.f5 gxf5 17.Bxc6 bxc6 18.Rxf5 Rb8 19.Qg4 Kh8 20.Raf1 Rxb2 21.Ne4 d5 22.Rh5
{#r} 1-0

[Event "Ch Europe (juniors) (under 14) (g)"]
[Site "masterchessopen.com – Herceg Novi (Montenegro)"]
[Date "2006.09.10"]
[Round "1"]
[White "Repina Varvara (RUS)"]
[Black "Makarova Kermen (EST)"]
[Result "1-0"]
[WhiteElo "2161"]
[BlackElo "1877"]

1.e4 c5 2.Nf3 Nc6 3.d4 cxd4 4.Nxd4 g6 5.c4 Bg7 6.Be3 Nf6 7.Nc3 O-O 8.Be2 d6
9.O-O Bd7 10.f3 Rc8 11.Rc1 Ne5 12.b3 Qa5 13.Qd2 Rfd8 14.h3 Nh5 15.Kh2 Nc6
16.f4 Nxd4 17.Bxh5 Qxh5 18.Bxd4 e5 19.Bxa7 exf4 20.Nd5 Qe5 21.Kg1 Qxe4 22.Rce1
{#r} 1-0

[Event "Ch Belgrade (team) (Premijer liga)"]
[Site "masterchessopen.com – Belgrade (Yugoslavia)"]
[Date "2006.09.27"]
[Round "5"]
[White "Cvetkovic Srdjan (SRB)"]
[Black "Popovic Vladimir (SRB)"]
[Result "1-0"]
[WhiteElo "2396"]
[BlackElo "1964"]

1.c4 c5 2.Nf3 g6 3.e4 Bg7 4.d4 cxd4 5.Nxd4 Nc6 6.Be3 Nf6 7.Nc3 O-O 8.Be2 d6
9.O-O Ne5 10.f3 b6 11.Qd2 Bb7 12.Rac1 Qd7 13.Rfd1 Rfd8 14.Nd5 h5 15.Bg5 Nxd5
16.exd5 Bf6 17.Bxf6 exf6 18.f4 Ng4 19.Bxg4 hxg4 20.f5 Re8 21.Qf4 g5 22.Qxg4
{#r} 1-0

[Event "Czech League 2006/07 (2nd) (c)"]
[Site "masterchessopen.com – Czech Republic"]
[Date "2006.11.05"]
[Round "2"]
[White "Munk Petr (CZE)"]
[Black "Rosko Lubos (CZE)"]
[Result "0-1"]
[WhiteElo "2220"]
[BlackElo "2203"]

1.e4 c5 2.c4 Nc6 3.Ne2 g6 4.d4 cxd4 5.Nxd4 Bg7 6.Be3 Nf6 7.Nc3 d6 8.Be2 O-O
9.Qd2 Qa5 10.f3 Bd7 11.O-O Rfe8 12.Rfd1 Nxd4 13.Bxd4 Bc6 14.Rac1 a6 15.Nd5
Qxd2 16.Rxd2 Bxd5 17.cxd5 Bh6 {#R} 0-1

[Event "Ch Slovakia (team) 2006/07 (1 liga) West"]
[Site "masterchessopen.com – Slovakia"]
[Date "2006.11.05"]
[Round "4"]
[White "Helbich Branislav (SVK)"]
[Black "Vrablik Miroslav (SVK)"]
[Result "1-0"]
[WhiteElo "2071"]
[BlackElo "2079"]

1.e4 c5 2.Nf3 Nc6 3.d4 cxd4 4.Nxd4 g6 5.c4 Bg7 6.Be3 Nf6 7.Nc3 O-O 8.f3 b6
9.Qd2 Bb7 10.Rc1 e6 11.Be2 d5 12.Nxc6 Bxc6 13.cxd5 exd5 14.e5 Nd7 15.Bg5 Qe8
16.f4 d4 17.Nb5 Nxe5 18.Nc7 Qd7 19.Nxa8 Bxg2 20.Rg1 Nf3+ {#r} 1-0

[Event "Tournament (Elo) (b)"]
[Site "masterchessopen.com – Budapest (Hungary)"]
[Date "2006.12.05"]
[Round "4"]
[White "Kelemen Lajos Dr (HUN)"]
[Black "Zilahi Gabor (HUN)"]
[Result "0-1"]
[WhiteElo "1561"]
[BlackElo "2059"]

1.e4 g6 2.c4 c5 3.Nf3 Nc6 4.d4 cxd4 5.Nxd4 Bg7 6.Be3 Nf6 7.Nc3 O-O 8.Be2 d6
9.h3 Bd7 10.Qd2 Rc8 11.O-O a6 12.Bh6 Nxd4 13.Bxg7 Nxe2+ 14.Qxe2 Kxg7 15.Rfe1
Qa5 {#R} 0-1

[Event "Ch Cuba (open)"]
[Site "masterchessopen.com – Santa Clara (Cuba)"]
[Date "2007.01.11"]
[Round "2"]
[White "Ortiz Isam (CUB)"]
[Black "Martinez Lelys (CUB)"]
[Result "0-1"]
[WhiteElo "2417"]
[BlackElo "2434"]

1.e4 c5 2.Nf3 Nc6 3.d4 cxd4 4.Nxd4 g6 5.c4 Bg7 6.Be3 Nf6 7.Nc3 O-O 8.Be2 d6
9.O-O Bd7 10.f3 Nxd4 11.Bxd4 a5 12.Kh1 Bc6 13.Rc1 a4 14.Qd2 Qa5 15.Rfd1 Rfc8
16.Qe3 Nd7 17.Bxg7 Kxg7 18.Nd5 Bxd5 19.cxd5 Rc5 20.f4 Rac8 21.Bg4 R8c7 22.Bxd7
Rxd7 {#R} 0-1

[Event "Cup Gold"]
[Site "masterchessopen.com – Meran (Germany)"]
[Date "2007.04.21"]
[Round "2"]
[White "Pohle Dirk (GER)"]
[Black "Spindler Egbert (GER)"]
[Result "1-0"]
[WhiteElo "2215"]
[BlackElo "1951"]

1.e4 c5 2.Nf3 Nc6 3.d4 cxd4 4.Nxd4 g6 5.c4 Bg7 6.Be3 Nf6 7.Nc3 O-O 8.Be2 b6
9.O-O Bb7 10.Qd2 Nxd4 11.Bxd4 Nxe4 12.Nxe4 Bxe4 13.Bxg7 {#r} 1-0

[Event "Ch Calabria"]
[Site "masterchessopen.com – San Fili (Italy)"]
[Date "2007.06.08"]
[Round "1"]
[White "Paese Salvatore"]
[Black "Magli Francesco"]
[Result "0-1"]
[WhiteElo "1396"]
[BlackElo "1479"]

1.e4 c5 2.c4 Nc6 3.Nf3 g6 4.d4 cxd4 5.Nxd4 Bg7 6.Be3 Nf6 7.Nc3 d6 8.Bd3 Ng4
9.O-O Bxd4 10.Bxd4 Nxd4 11.Nd5 e6 12.Ne3 Ne5 13.Be2 Nxe2+ 14.Qxe2 Nc6 15.a3 e5
16.Nd5 Nd4 17.Qd3 O-O 18.f4 f5 19.fxe5 dxe5 20.exf5 Bxf5 21.Qd1 Qg5 22.g3 Be4
23.Rxf8+ Rxf8 24.Nc3 Qe3# 0-1

[Event "It (open) (b)"]
[Site "masterchessopen.com – Voronezh (Russia)"]
[Date "2007.06.19"]
[Round "8"]
[White "Kalugin Andrey (RUS)"]
[Black "Cherednichenko Viktor (RUS)"]
[Result "1-0"]
[WhiteElo "2014"]
[BlackElo "1960"]

1.e4 c5 2.Nf3 Nc6 3.d4 cxd4 4.Nxd4 g6 5.c4 Bg7 6.Be3 Nf6 7.Nc3 O-O 8.Be2 e6
9.Ndb5 d5 10.Bc5 Re8 11.Nd6 Re7 12.Nxc8 Rd7 13.Nd6 Qa5 14.e5 Ne4 15.Nxe4 Rad8
16.Nf6+ Bxf6 17.exf6 d4 18.Qc1 dxc3 19.b4 c2 20.bxa5 Rd1+ 21.Bxd1 {#r} 1-0

[Event "Ch Asia (juniors) (under 12)"]
[Site "masterchessopen.com – Al Ain (United Arab Emirates)"]
[Date "2007.08.24"]
[Round "2"]
[White "Ranjan Sahoo Utal"]
[Black "El Jawich Amro (LIB)"]
[Result "1-0"]
[WhiteElo "2028"]
[BlackElo "2155"]

1.e4 c5 2.Nf3 Nc6 3.d4 cxd4 4.Nxd4 g6 5.c4 Bg7 6.Be3 Nf6 7.Nc3 O-O 8.f3 Qb6
9.Qd2 Nxe4 10.Nxc6 Nxd2 11.Nxe7+ Kh8 12.Bxb6 Nxf1 13.Nxc8 axb6 14.Nxb6 Ne3
15.Nxa8 Nc2+ 16.Kd2 Nxa1 17.Nb6 Bh6+ 18.Kd3 {#r} 1-0

[Event "It (open) (seniors)"]
[Site "masterchessopen.com – Calvia (Spain)"]
[Date "2007.10.23"]
[Round "9"]
[White "Perez Pascual Arturo (ESP)"]
[Black "Klempt Guenter (GER)"]
[Result "1-0"]
[WhiteElo "1986"]
[BlackElo "2091"]

1.e4 c5 2.Nf3 Nc6 3.d4 cxd4 4.Nxd4 g6 5.c4 Bg7 6.Be3 Nf6 7.Nc3 O-O 8.Be2 Qa5
9.O-O d6 10.a3 Bd7 11.b4 Qc7 12.Re1 Rac8 13.Nd5 Qb8 14.Nxc6 bxc6 15.Nxe7+ Kh8
16.Nxc8 Qxc8 17.f3 Re8 18.Bf4 Nxe4 19.fxe4 Rxe4 20.Bd3 Bg4 21.Qc2 Bd4+ 22.Kh1
{#r} 1-0

[Event "It (open)"]
[Site "masterchessopen.com – Le Touquet (France)"]
[Round "7"]
[White "D'Costa Lorin (ENG)"]
[Black "Leruste Georges (FRA)"]
[Result "1-0"]
[WhiteElo "2381"]
[BlackElo "2117"]

1.c4 c5 2.Nf3 Nc6 3.d4 cxd4 4.Nxd4 g6 5.e4 Bg7 6.Be3 Nf6 7.Nc3 O-O 8.Be2 b6
9.O-O Bb7 10.f3 e6 11.Ndb5 d5 12.exd5 exd5 13.cxd5 Ne7 14.d6 Ned5 15.Bd4 a6
16.Nxd5 Nxd5 17.Bxg7 Kxg7 18.Bc4 Nf6 19.Nc7 Rc8 20.Bxf7 Rxc7 21.dxc7 Qxd1
22.Rfxd1 Kxf7 23.Rd8 Nd5 24.c8=Q {#r} 1-0

[Event "Ch World (juniors) (under 12)"]
[Site "masterchessopen.com – Kemer (Turkey)"]
[Date "2007.11.28"]
[Round "11"]
[White "Pagerka Martin (SVK)"]
[Black "Shabanov Nurlan (AZE)"]
[Result "0-1"]
[WhiteElo "2099"]
[BlackElo "1800"]

1.e4 c5 2.Nf3 g6 3.d4 cxd4 4.Nxd4 Bg7 5.c4 Nc6 6.Be3 Nf6 7.Nc3 O-O 8.Be2 b6
9.O-O Bb7 10.f3 e6 11.Ndb5 d5 12.cxd5 exd5 13.exd5 Nb4 14.d6 Nfd5 15.Bf2 a6
16.Nxd5 {#R} 0-1

[Event "Extra League 2007/08"]
[Site "masterchessopen.com – Czech Republic"]
[Date "2008.04.12"]
[Round "10"]
[White "Ponizil Cyril (CZE)"]
[Black "Znamenacek Kvetoslav (CZE)"]
[Result "0-1"]
[WhiteElo "2251"]
[BlackElo "2296"]

1.e4 c5 2.Nf3 Nc6 3.d4 cxd4 4.Nxd4 g6 5.c4 Bg7 6.Be3 Nf6 7.Nc3 O-O 8.Be2 b6
9.Qd2 Bb7 10.O-O Nxd4 11.Bxd4 e5 12.Bxe5 Nxe4 13.Nxe4 Bxe5 14.Nc3 Re8 15.Bg4
f5 16.Bd1 Qc7 17.Kh1 Kh8 18.Ba4 Qxc4 19.Qxd7 Qf4 {#R} 0-1

[Event "It (open) \"]
[Site "masterchessopen.com – Berlin (Germany)"]
[Date "2008.05.01"]
[Round "2"]
[White "Juenger Heinz (AUT)"]
[Black "Scharrer Patrick (ITA)"]
[Result "0-1"]
[WhiteElo "2079"]
[BlackElo "2281"]

1.e4 c5 2.Nf3 Nc6 3.d4 cxd4 4.Nxd4 g6 5.c4 Bg7 6.Be3 Nf6 7.Nc3 d6 8.Be2 O-O
9.O-O Bd7 10.Qd2 Nxd4 11.Bxd4 Bc6 12.f3 Nd7 13.Be3 a5 14.Rab1 a4 15.Rfc1 Qa5
16.b4 axb3 17.axb3 Qa3 18.b4 b6 19.Nd5 Bxd5 20.cxd5 Rfc8 21.Rc6 Ne5 22.Rxb6
Rc2 23.Qxc2 Qxe3+ {#R} 0-1

[Event "It (open) (b)"]
[Site "masterchessopen.com – Kowalewo (Poland)"]
[Date "2008.07.06"]
[Round "3"]
[White "Walkusz Miroslaw (POL)"]
[Black "Kotula Konrad (POL)"]
[Result "1-0"]
[WhiteElo "1962"]
[BlackElo "1745"]

1.Nf3 c5 2.c4 Nc6 3.d4 cxd4 4.Nxd4 g6 5.e4 Bg7 6.Be3 Nf6 7.Nc3 O-O 8.Be2 d6
9.O-O Bd7 10.Rc1 Rc8 11.f3 a5 12.Qd2 Rb8 13.Rfd1 Ne8 14.c5 Nxd4 15.Bxd4 Bxd4+
16.Qxd4 b6 17.cxd6 Nxd6 18.e5 Nf5 19.Qxd7 {#r} 1-0

[Event "Czech League 2008/09 (krajsky prebor)"]
[Site "masterchessopen.com – Czech Republic"]
[Date "2008.10.19"]
[Round "0"]
[White "Tlaskal Martin (CZE)"]
[Black "Uricar Jakub (CZE)"]
[Result "1-0"]
[WhiteElo "2079"]
[BlackElo "2141"]

1.e4 c5 2.Nf3 Nc6 3.d4 cxd4 4.Nxd4 g6 5.c4 Bg7 6.Be3 Nf6 7.Nc3 d6 8.Be2 O-O
9.O-O Bd7 10.Rc1 Nxd4 11.Bxd4 Bc6 12.Qd3 Nd7 13.Bxg7 Kxg7 14.b4 Kg8 15.Qe3 Qb6
16.b5 {#r} 1-0

[Event "Regionalliga Bayern South-East 2008/09"]
[Site "masterchessopen.com – Bayern (Germany)"]
[Date "2009.01.11"]
[Round "5"]
[White "Ipfelkofer Frank"]
[Black "Steinberg Sven (GER)"]
[Result "1-0"]
[WhiteElo "2101"]
[BlackElo "2204"]

1.e4 c5 2.c4 Nc6 3.Nf3 g6 4.d4 cxd4 5.Nxd4 Bg7 6.Be3 Nf6 7.Nc3 d6 8.Be2 O-O
9.O-O Nxd4 10.Bxd4 b6 11.f4 Bb7 12.Bf3 Rc8 13.Qd3 Nd7 14.Bxg7 Kxg7 15.Rad1 f6
16.b3 a5 17.Bg4 h5 18.Bf3 Qe8 19.Qe3 Bc6 20.Ne2 Nc5 21.h4 Rd8 22.f5 Bd7 23.Nf4
{#r} 1-0

[Event "Tournament"]
[Site "masterchessopen.com – Telde (Spain)"]
[Date "2009.02.21"]
[Round "4"]
[White "Santana Montero Pedro L (ESP)"]
[Black "Lozano Lorenzo Jose Vicente (ESP)"]
[Result "1-0"]
[WhiteElo "1978"]
[BlackElo "1779"]

1.e4 c5 2.Nf3 Nc6 3.d4 cxd4 4.Nxd4 g6 5.c4 Bg7 6.Be3 Nf6 7.Nc3 O-O 8.Be2 d6
9.O-O Bd7 10.Qd2 Rc8 11.f3 Re8 12.Rac1 e6 13.Ndb5 Re7 14.Nxd6 Rc7 15.Ncb5 Be8
16.Nxe8 Qxe8 17.Nxc7 Rxc7 18.Rfd1 Nd7 19.f4 Qc8 20.e5 Ne7 21.Bd3 b6 22.b4 a6
23.Qe2 Bf8 24.Bd4 {#r} 1-0

[Event "Tournament (open)"]
[Site "masterchessopen.com – Salvador (Brazil)"]
[Date "2009.04.11"]
[Round "5"]
[White "Tine Vinicius (BRA)"]
[Black "Palomino Alexandre (BRA)"]
[Result "1-0"]
[WhiteElo "2196"]
[BlackElo "1876"]

1.e4 c5 2.Nf3 Nc6 3.d4 cxd4 4.Nxd4 g6 5.c4 Bg7 6.Be3 Nf6 7.Nc3 d6 8.Be2 a6
9.O-O Bd7 10.Qd2 Ng4 11.Bxg4 Bxg4 12.Rac1 Ne5 13.Nd5 Rc8 14.b3 h5 15.f4 Nc6
16.f5 gxf5 17.exf5 Nxd4 18.Bxd4 Bh6 19.Be3 Bg7 20.h3 Bxf5 21.Rxf5 e6 22.Bg5
Qd7 23.Nb6 {#r} 1-0

[Event "Tournament \"]
[Site "masterchessopen.com – Warsaw (Poland)"]
[Round "3"]
[White "Nowicki Bartosz (POL)"]
[Black "Rytel Bartosz (POL)"]
[Result "1-0"]
[WhiteElo "1944"]
[BlackElo "1474"]

1.e4 c5 2.Nf3 Nc6 3.d4 cxd4 4.Nxd4 g6 5.c4 Bg7 6.Be3 Nf6 7.Nc3 O-O 8.Be2 d6
9.O-O Bd7 10.Qd2 a6 11.f3 Rc8 12.Rac1 Ne5 13.b3 Qa5 14.Nd5 Qxd2 15.Nxe7+ Kh8
16.Bxd2 Rce8 17.Nd5 Nxd5 18.cxd5 Kg8 19.Rc7 Bc8 20.Nc2 Nd7 21.Bb4 f5 22.Bxd6
Rf6 23.e5 Rf7 24.e6 {#r} 1-0

[Event "It (open) (c)"]
[Site "masterchessopen.com – Maastricht (Netherlands)"]
[Date "2009.06.01"]
[Round "7"]
[White "Ramaekers Philippe (NED)"]
[Black "Ingelaere Arthur"]
[Result "1-0"]
[WhiteElo "1896"]
[BlackElo "1188"]

1.e4 c5 2.Nf3 Nc6 3.d4 cxd4 4.Nxd4 g6 5.c4 Bg7 6.Be3 Nf6 7.Nc3 O-O 8.Qd2 Re8
9.O-O-O e6 10.Be2 b6 11.Nxc6 Qc7 12.Nd4 Bb7 13.Ndb5 Qc8 14.Nd6 {#r} 1-0

[Event "It (open)"]
[Site "masterchessopen.com – Varna (Bulgaria)"]
[Date "2009.06.16"]
[Round "6"]
[White "Kazimova Narmin (AZE)"]
[Black "Lao Lenath (FRA)"]
[Result "1-0"]
[WhiteElo "2218"]
[BlackElo "1947"]

1.Nf3 c5 2.c4 g6 3.d4 cxd4 4.Nxd4 Bg7 5.e4 Nc6 6.Be3 Nf6 7.Nc3 d6 8.Be2 Qb6
9.Ne6 Qxb2 10.Na4 Qxe2+ 11.Qxe2 Bxe6 12.Rb1 b6 13.f3 O-O 14.O-O Na5 15.Nb2
Rfe8 16.Rfe1 {#r} 1-0

[Event "It (open) \"]
[Site "masterchessopen.com – Rybinsk (Russia)"]
[Date "2009.06.19"]
[Round "8"]
[White "Vdovin Vadim (RUS)"]
[Black "Simonov Vladimir (RUS)"]
[Result "0-1"]
[WhiteElo "1960"]
[BlackElo "2231"]

1.e4 c5 2.Nf3 g6 3.d4 cxd4 4.Nxd4 Bg7 5.c4 Nc6 6.Be3 Nf6 7.Nc3 O-O 8.h3 d6
9.g3 Qa5 10.Qd2 Nxd4 11.Bxd4 Nxe4 12.Nxe4 Qxd2+ 13.Nxd2 Bxd4 14.Rb1 {#R} 0-1

[Event "It (open)"]
[Site "masterchessopen.com – Albena (Bulgaria)"]
[Date "2009.06.24"]
[Round "5"]
[White "Belov Igor (RUS)"]
[Black "Parligras Cosmin (ROM)"]
[Result "1-0"]
[WhiteElo "2428"]
[BlackElo "2279"]

1.Nf3 c5 2.c4 g6 3.d4 cxd4 4.Nxd4 Bg7 5.e4 Nc6 6.Be3 Nf6 7.Nc3 O-O 8.Be2 e6
9.O-O d5 10.Nxc6 bxc6 11.e5 Nd7 12.f4 Ba6 13.c5 Qa5 14.a3 f6 15.b4 Bxe2
16.Nxe2 Qa6 17.Nd4 fxe5 18.Nxe6 exf4 19.Bd4 Bh6 20.Nc7 Qb7 21.Nxa8 Rxa8 22.Qg4
{#r} 1-0

[Event "It (open)"]
[Site "masterchessopen.com – Nikaia (Greece)"]
[Date "2009.08.24"]
[Round "4"]
[White "Klokas Konstantinos (GRE)"]
[Black "Nikolaidis Paris (GRE)"]
[Result "1-0"]
[WhiteElo "2155"]
[BlackElo "1810"]

1.e4 c5 2.Nf3 Nc6 3.d4 cxd4 4.Nxd4 g6 5.c4 Bg7 6.Be3 Nf6 7.Nc3 d6 8.f3 a6
9.Nc2 O-O 10.Be2 Na7 11.O-O Bd7 12.a4 Ne8 13.Qd2 Nc6 14.b4 Qc8 15.a5 Ne5
16.Nd5 {#r} 1-0

[Event "Ch World (juniors) (under 16) (g)"]
[Site "masterchessopen.com – Kemer (Turkey)"]
[Date "2009.11.18"]
[Round "7"]
[White "Olsarova Karolina (CZE)"]
[Black "Gorozhankina Julia (RUS)"]
[Result "1-0"]
[WhiteElo "2151"]
[BlackElo "2079"]

1.e4 c5 2.Nf3 g6 3.c4 Bg7 4.d4 cxd4 5.Nxd4 Nc6 6.Be3 Nf6 7.Nc3 O-O 8.Be2 d6
9.O-O Bd7 10.Qd2 Qc8 11.f4 Nxd4 12.Bxd4 Bc6 13.Bf3 a5 14.Rae1 Nd7 15.Bf2 a4
16.Bh4 Qe8 17.e5 a3 18.Bxc6 bxc6 19.exd6 {#r} 1-0

[Event "It (open)"]
[Site "masterchessopen.com – Cali (Colombia)"]
[Date "2009.12.28"]
[Round "4"]
[White "Narvaez Zamir (COL)"]
[Black "Carvajal Nolberto (COL)"]
[Result "0-1"]
[WhiteElo "2204"]
[BlackElo "2307"]

1.e4 c5 2.Nf3 Nc6 3.d4 cxd4 4.Nxd4 g6 5.c4 Bg7 6.Be3 Nf6 7.Nc3 O-O 8.f3 d6
9.Be2 Nxd4 10.Bxd4 Be6 11.O-O Rc8 12.b3 Qa5 13.Qe1 Rfd8 {#R} 0-1

[Event "Tournament (open)"]
[Site "masterchessopen.com – Kimry (Russia)"]
[Date "2010.01.24"]
[Round "3"]
[White "Asrian Armen (RUS)"]
[Black "Torlopov Nikita (RUS)"]
[Result "0-1"]
[WhiteElo "2156"]
[BlackElo "2125"]

1.e4 c5 2.Nf3 Nc6 3.d4 cxd4 4.Nxd4 g6 5.c4 Bg7 6.Be3 Nf6 7.Nc3 O-O 8.f3 Qb6
9.Qd2 Nxd4 10.e5 Nc2+ 11.Ke2 Nxe3 12.exf6 Bxf6 13.Na4 Qc6 {#R} 0-1

[Event "Tournament (open) \"]
[Site "masterchessopen.com – Warsaw (Poland)"]
[Date "2010.01.24"]
[Round "4"]
[White "Grochulski Grzegorz (POL)"]
[Black "Nguyen Piotr (POL)"]
[Result "0-1"]
[WhiteElo "2018"]
[BlackElo "2367"]

1.e4 c5 2.Nf3 g6 3.d4 cxd4 4.Nxd4 Bg7 5.c4 Nc6 6.Be3 Nf6 7.Nc3 O-O 8.Be2 d6
9.O-O Bd7 10.Nc2 a5 11.f3 a4 12.Qd2 Qa5 13.Rab1 Rfc8 14.b4 axb3 15.axb3 Ng4
16.Nd5 Nxe3 17.Qxa5 Rxa5 18.Ndxe3 Ra2 19.Rfd1 Be6 20.Kf2 f5 21.exf5 Bxf5
22.Nxf5 gxf5 23.Ne3 Bd4 24.Rd3 f4 {#R} 0-1